000 00982nam a22002295i 4500
001 168732
003 ES-MaACL
005 20230906213855.0
008 080528s1882 xxu |||| | eng d
080 _a75.021.322(064.3)
080 _a75.035(064.3)
245 0 3 _aAn extraordinary collection of water color paintings, comprising over three hundred examples of the french, spanish.... selected ... W.M. H. Fanning
_b: the entire collection to be sold,... on wednesday, friday and saturday, nov. 29 th, dec.1st & 2d...
260 _a[S.l. :
_bs.n.,
_c1882] (
_eNew York :
_fJohn Polhemus)
300 _a61 p. ;
_c21 cm.
500 _aPrecede al tít:: Now on free exhibition, at Leonard's Art Galleries, 48 Broomfield St., Boston.
650 1 4 _aAcuarela-
_yS.XIX-
_vExposiciones.
_9137817
655 7 _2tgfbne
_9193628
_aCatálogos de exposiciones
700 1 _aFanning, WM. H.
_9137818
852 _aES-MaACL
_jT-894-F-9
942 _2udc
999 _c168732
_d168732